प्यास: (Record no. 37180)

MARC details
000 -LEADER
fixed length control field 01551nam a22002897a 4500
005 - DATE AND TIME OF LATEST TRANSACTION
control field 2010072206296.0
010 ## - LCCN (DPL NO)
LC control number HIN-89780 B-442466
020 ## - INTERNATIONAL STANDARD BOOK NUMBER
International Standard Book Number 9788175660670
Terms of availability 350.00
035 ## - SYSTEM CONTROL NUMBER
System control number HN-62126
035 ## - SYSTEM CONTROL NUMBER
System control number B-442466
037 ## - SOURCE OF ACQUISITION
Source of stock number/acquisition DBAD / PUB
037 ## - SOURCE OF ACQUISITION
Source of stock number/acquisition आर.बी.सी
082 ## - DEWEY DECIMAL CLASSIFICATION NUMBER
Classification number
100 ## - MAIN ENTRY--PERSONAL NAME
Personal name भारती, चिन्नप्प
245 ## - TITLE STATEMENT
Title प्यास:
Remainder of title (उपन्यास) /
Statement of responsibility, etc चिन्नप्प भारती ; राधा जनार्दन द्वारा अनुदित
246 ## - VARYING FORM OF TITLE
Title proper/short title Pyaas
Remainder of title by Chinnappa Bharti
260 ## - PUBLICATION, DISTRIBUTION, ETC. (IMPRINT)
Place of publication, distribution, etc दिल्ली
Name of publisher, distributor, etc अविराम प्रकाशन
Date of publication, distribution, etc 2010
270 ## - ADDRESS
Address 29/62, पहली मंजिल, गली नं. 11, विश्वास नगर
City दिल्ली
Postal code 110032
300 ## - PHYSICAL DESCRIPTION
Extent 240 पृ.
Dimensions 22सेमी (सजिल्द)
650 ## - SUBJECT ADDED ENTRY--TOPICAL TERM
Topical term or geographic name as entry element हिन्दी कथा साहित्य
650 ## - SUBJECT ADDED ENTRY--TOPICAL TERM
Topical term or geographic name as entry element Hindi Katha Sahitya
700 ## - ADDED ENTRY--PERSONAL NAME
Personal name जनार्दन, राधा
9 (RLIN) 659
942 ## - ADDED ENTRY ELEMENTS (KOHA)
Source of classification or shelving scheme Dewey Decimal Classification
Item type Hindi Books
Classification part
Call number suffix भारती
Holdings
Withdrawn status Lost status Not for loan Collection code Home library Current library Date acquired Source of acquisition Cost, normal purchase price Full call number Barcode Copy number Cost, replacement price Koha item type
      Fiction Central Library Central Library 17/08/2011 आर.बी.सी./25824/12.7.11/82/15.3.11/15.7.11 350.00 उ भारती B-442466 1 350.00 Hindi Books
    Not For Loan Fiction D.B.Act.Division D.B.Act.Division 24/07/2010 DBAD / PUB 350.00 उ भारती HN-62126 1 350.00 Hindi Books

© Delhi Public Library
Hit Counter
free hit counter